000 00341nam a2200121 a 4500
001 000046282
005 20201002052747.0
008 150519s2013 000 spa d
040 _aDO-SdBNP
_bspa
_cBNPHU
245 0 _aActividades del secretario general 2012.
260 _aSanto Domingo :
_bSG-SICA,
_c[2013].
300 _a29 p :
_bil ;
_c29 cm.
999 _c45771
_d45771